MARC

LEADER 00000nam0a2200000 4500
001 86651
005 20231101213507.0
010 |a 5699044469 
035 |a (RuTPU)RU\TPU\book\93050 
090 |a 86651 
100 |a 20051129d2003 km y0rusy50 ca 
101 0 |a rus 
102 |a RU 
105 |a y z 001zy 
200 1 |a Игры интеллигентов, или Социальный контроль масс  |f Э. Макаревич, О. Карпухин 
210 |a Москва  |c Эксмо  |d 2003 
215 |a 479 с. 
225 1 |a Все на выборы 
320 |a Библиогр.: с. 451-477. 
606 1 |a Политическая социология  |2 stltpush  |3 (RuTPU)RU\TPU\subj\37792  |9 58601 
610 1 |a социология 
610 1 |a политическая социология 
610 1 |a массы 
610 1 |a социальный контроль 
610 1 |a массовое сознание 
610 1 |a массовые движения 
610 1 |a массовое общество 
610 1 |a интеллигенция 
610 1 |a связи с общественностью 
610 1 |a общественные связи 
610 1 |a паблик рилейшнз 
610 1 |a политический сыск 
610 1 |a демократия 
610 1 |a свободы 
610 1 |a спецслужбы 
610 1 |a история 
610 1 |a теория 
610 1 |a Россия 
610 1 |a 20 век 
610 1 |a Германия 
610 1 |a гитлеровский нацизм 
610 1 |a ЦРУ 
610 1 |a Восточная Европа 
610 1 |a холодная война 
610 1 |a политический контроль 
686 |a С55.51  |v LBC/SL-A  |2 rubbk 
700 1 |a Макаревич  |b Э.  |g Эдуард 
701 1 |a Карпухин  |b О.  |g Олег 
801 1 |a RU  |b 63413507  |c 20051129  |g PSBO 
801 2 |a RU  |b 63413507  |c 20140529  |g PSBO 
900 |a Теория и практика связей с общественностью 
900 |a Современные гуманитарные технологии 
942 |c BK 
959 |a 98/20051128  |d 1  |e 139,90  |f НФ:1